000
00326nam a22001457a 4500
999
_c
10393
_d
10393
003
OSt
008
210125b ||||| |||| 00| 0 eng d
100
_a
BALAGURUSAMY,E
245
_a
Object Oriented Programming with C++
250
_a
Rep
260
_a
New Delhi
_b
TMH
300
_a
637
650
_a
MCA
942
_2
ddc
_c
BB
_0
1